[Event "IND-ch U13 29th"]
[Site "Gurgaon"]
[Date "2015.09.07"]
[Round "11"]
[White "Rahul, Srivatshav P"]
[Black "Ayush, Bhai Mehta"]
[Result "1/2-1/2"]
[WhiteElo "1980"]
[BlackElo "1728"]
[PlyCount "97"]
[EventDate "2015.08.30"]
[EventType "swiss"]
[EventRounds "11"]
[EventCountry "IND"]
[SourceTitle "EXT 2016"]
[Source "ChessBase"]
[SourceDate "2015.10.08"]
[SourceVersion "1"]
[SourceVersionDate "2015.10.08"]
[SourceQuality "1"]

1. d4 Nf6 2. Bf4 e6 3. e3 c5 4. c3 Nc6 5. Nf3 Be7 6. h3 b6 7. Bd3 Bb7 8. 0-0 0-0 9. Nbd2 d6 10. Bh2 Qd7 11. Qe2 Rfe8 12. Rad1 Rac8 13. dxc5 bxc5 14. e4 e5 15. Nc4 Qc7 16. Ne3 Nd8 17. Nd2 Ne6 18. Nd5 Nxd5 19. exd5 Bxd5 20. Bxh7+ Kxh7 21. Qd3+ Kg8 22. Qxd5 Qc6 23. Nc4 Red8 24. Qd2 Qe4 25. b3 Qc6 26. Qc2 Bg5 27. Rfe1 Kh8 28. Rd3 Bf4 29. g3 Bg5 30. Qe2 Kg8 31. Red1 Be7 32. Ne3 Rd7 33. Qg4 Rcd8 34. Nd5 Nc7 35. h4 Nxd5 36. Rxd5 Qc8 37. c4 Rb7 38. Qf3 Rb6 39. Qe2 Qe6 40. f3 Rdb8 41. Qd2 Rb4 42. f4 f6 43. Qd3 Qg4 44. Qe3 R8b6 45. Rf1 a5 46. fxe5 fxe5 47. Rf4 exf4 48. Qxe7 Qg6 49. Qd8+ 1/2-1/2

[Event "IND-ch U13 29th"]
[Site "Gurgaon"]
[Date "2015.09.05"]
[Round "9"]
[White "Ayush, Bhai Mehta"]
[Black "Vijay, Shreeram P"]
[Result "1-0"]
[WhiteElo "1728"]
[BlackElo "1791"]
[PlyCount "99"]
[EventDate "2015.08.30"]
[EventType "swiss"]
[EventRounds "11"]
[EventCountry "IND"]
[SourceTitle "EXT 2016"]
[Source "ChessBase"]
[SourceDate "2015.10.08"]
[SourceVersion "1"]
[SourceVersionDate "2015.10.08"]
[SourceQuality "1"]

1. e4 e6 2. d4 d5 3. Nc3 Bb4 4. e5 Ne7 5. a3 Bxc3+ 6. bxc3 c5 7. Qg4 Qc7 8. Qxg7 Rg8 9. Qxh7 cxd4 10. Ne2 dxc3 11. f4 Nbc6 12. Qd3 d4 13. Nxd4 Nxd4 14. Qxd4 Bd7 15. Rg1 Nf5 16. Qf2 Qc6 17. Bd3 Qd5 18. Rb1 Bc6 19. Rb3 Rh8 20. h3 Nh4 21. Kf1 Qa5 22. Qd4 Rd8 23. Qc4 Rg8 24. Rxc3 Rxg2 25. Be3 Nf5 26. Bf2 Rxg1+ 27. Kxg1 Rd7 28. Qc5 Qxc5 29. Bxc5 a6 30. Bf2 Ne7 31. Rb3 Nd5 32. Bg3 Kf8 33. Kf2 Kg7 34. Rb1 Nc3 35. Rg1 Ne4+ 36. Ke3 Nxg3 37. Rxg3+ Kf8 38. h4 Bb5 39. c4 Bc6 40. h5 f5 41. exf6 Kf7 42. h6 Rd8 43. h7 Rh8 44. Rg7+ Kf8 45. Rc7 Be8 46. Rxb7 a5 47. c5 a4 48. Rg7 Bc6 49. Bc4 Be8 50. Bxe6 1-0